000
00324nam a2200133Ia 4500
008
191201s2003 xx 000 0 und d
082
_a
519.86
_b
GUS
100
_a
GUPTA, R C
245
0
_a
Statistical Quality Control
260
_a
N.Delhi
_b
Khanna Publisher
_c
2003
300
_a
978
650
_a
B.Tech(ME)
942
_2
ddc
_c
BK
999
_c
2198
_d
2198